Slovník těsnopisných zkratek

Guardado en:
Detalles Bibliográficos
Formato: Libro
Lenguaje:checo
Publicado: Praha Státní pedagogické nakladatelství 1981
Edición:3. vyd.
Colección:Odborná literatura pro veřejnost
Etiquetas: Agregar Etiqueta
Sin Etiquetas, Sea el primero en etiquetar este registro!

MARC

LEADER 00000nam a2200000 4500
001 c130138
005 20041019155248.6
041 0 |a cze 
044 |a CZ 
245 1 0 |a Slovník těsnopisných zkratek 
250 |a 3. vyd. 
264 1 |a Praha  |b Státní pedagogické nakladatelství  |c 1981 
300 |a 223 s. 
490 1 |a Odborná literatura pro veřejnost 
830 0 |a Odborná literatura pro veřejnost